All Eurovision Winners (Songs)(1956-2021) - Statistics

General Stats
  • This quiz has been taken 156 times
  • The average score is 36 of 68
Answer Stats
Hint Answer % Correct
2019 Arcade
89%
2018 Toy
89%
2012 Euphoria
86%
2014 Rise Like a Phoenix
85%
2010 Satellite
85%
2016 1944
82%
2015 Heroes
80%
2009 Fairytale
79%
2006 Hard Rock Hallelujah
76%
2021 Zitti E Buoni
76%
2013 Only Teardrops
74%
1974 Waterloo
74%
2005 My Number One
73%
1998 Diva
72%
2011 Running Scared
72%
2004 Wild Dances
72%
2007 Molitva
70%
2003 Everyway That I Can
68%
2002 I Wanna
68%
2000 Fly On The Wings Of Love
66%
2001 Everybody
65%
1997 Love Shine a Light
65%
2008 Believe
64%
1996 The Voice
63%
1968 La La La
61%
1987 Hold Me Now
60%
1995 Nocturne
59%
1979 Hallelujah
58%
1994 Rock 'n' Roll Kids
58%
2017 Amar Pelos Dois
57%
1999 Take Me To Your Heaven
56%
1980 What's Another Year?
56%
1956 Refrain
54%
1989 Rock Me
54%
1992 Why Me?
53%
1976 Save Your Kisses For Me
51%
1993 In Your Eyes
47%
1967 Puppet On A String
47%
1975 Ding-a-Dong
44%
1981 Making Your Mind Up
44%
1978 A-Ba-Ni-Bi
43%
1986 J'aime La Vie
43%
1988 Ne Partez Pas Sans Moi
43%
1990 Insieme 1992
42%
1969 Boom Bang-a-bang
41%
1970 All Kinds Of Everything
40%
1982 Ein Bisschen Frieden
39%
1985 La Det Swinge
37%
1965 Poupee De Cire, Poupee De Son
37%
1969 De Troubadour
36%
1984 Diggi-loo Diggi-ley
36%
1991 Fangad Av En Stormvind
34%
1966 Merci Cherie
33%
1972 Apres Toi
32%
1973 Tu Te Reconnaitras
32%
1969 Vivo Cantando
32%
1963 Dansevise
31%
1977 L'oiseau Et L'enfant
30%
1960 Tom Pillibi
30%
1964 Non Ho L'eta
29%
1983 Si La Vie Est Cadeau
29%
1971 Un Banc, Un Arbre, Une Rue
28%
1959 Een Beetje
27%
1958 Dors, Mon Amour
24%
1957 Net Als Toen
24%
1961 Nous Les Amoureux
22%
1969 Un Jour, Un Enfant
21%
1962 Un Premier Amour
20%
No matching quizzes found
Score Distribution
Percent of People with Each Score
Percentile by Number Answered
Your Score History
You have not taken this quiz